| 000 | 01196nam a2200229Ia 4500 | ||
|---|---|---|---|
| 003 | Ost | ||
| 005 | 20260507075356.0 | ||
| 008 | 260507s9999||||xx |||||||||||||| ||und|| | ||
| 040 | _cfsecg | ||
| 041 | _aara | ||
| 082 | _a330 | ||
| 100 |
_aصالح، محمود محمد سليم _eمؤلف |
||
| 245 | 0 |
_aمبادئ التحليل الإحصائي / _c محمود محمد سليم صالح |
|
| 260 |
_aعمان: _bمكتبة المجتمع العربي للنشر والتوزيع, _c2009 |
||
| 300 |
_a504 صفحة؛ _bإيضاحات ؛ _c25 سم |
||
| 504 | _aالمراجع ص489؛ الملاحق ص491 | ||
| 520 | _aعروض ووصف البيانات الإحصائية- مبادئ نظرية الإحتمالات- المتغيرات العشوائية والتوزيعات الإحتمالية- نظرية العينات وتوزيع المعاينة- التقدير الإحصائي- اختبارات الفروض الإحصائية- الإرتباط والإنحدار- تحليل التباين | ||
| 653 | _aالإحصاء - المعاملات الإرتباطية | ||
| 653 | _aالإحصاء الوصفي | ||
| 653 | _aالتحليل الإحصائي | ||
| 942 | _cكتاب | ||
| 999 |
_c44226 _d44226 |
||